000
00279nam a22001097a 4500
999
_c
251184
_d
251184
020
_a
9781849713931
100
_a
Eva Wollenberg, Alison Nihart
245
_a
Climate Change Mitigation and Agriculture
260
_a
New York
_b
EarthScan
_c
2012
300
_a
419p
_b
ILL
942
_c
BK